书目信息 |
| 题名: |
杰出的头脑
|
|
| 作者: | 加德纳 著 ;乐文卿 , 王莉 译 | |
| 分册: | ||
| 出版信息: | 北京 中国友谊出版公司 2000.06 |
|
| 页数: | 219页 | |
| 开本: | 32开 | |
| 丛书名: | 另类丛书 | |
| 单 册: | ||
| 中图分类: | B848.5 | |
| 科图分类: | ||
| 主题词: | 名人--智力结构 , 人格心理学 | |
| 电子资源: | ||
| ISBN: | 7-5057-1651-4 | |
| 000 | 00791nam0 2200265 45 | |
| 001 | 0204221461 | |
| 005 | 20031219104054.8 | |
| 010 | @a7-5057-1651-4@dCNY15.00 | |
| 100 | @a20020422d2000 km y0chiy0120 ea | |
| 101 | 0 | @achi |
| 105 | @a z 000yy | |
| 200 | 1 | @a杰出的头脑@AJie Chu De Tou Nao@f(美)霍华德·加德纳著@F(Mei)Huo Hua De·Jia De Na Zhu@g乐文卿,王莉译 |
| 210 | @a北京@c中国友谊出版公司@d2000.06 | |
| 215 | @a219页@d32开 | |
| 225 | @a另类丛书@f石涛主编@v10 | |
| 410 | @12001 @a另类丛书 | |
| 410 | @1700 0@a石涛@AShi Tao@4主编 | |
| 606 | 0 | @a名人@x智力结构 |
| 606 | 0 | @a人格心理学 |
| 690 | @aB848.5@v4 | |
| 701 | @a加德纳@4著 | |
| 702 | 0 | @a乐文卿@AYue Wen Qing@4译 |
| 702 | 0 | @a王莉@AWang Li@4译 |
| 801 | @aCN@bTSTC@c20020422 | |
| 905 | @b308773-775@dB848.5@e342@f3 | |
| 杰出的头脑/(美)霍华德·加德纳著/乐文卿,王莉译.-北京:中国友谊出版公司,2000.06 |
| 219页;32开.-(另类丛书/石涛主编;10) |
| ISBN 7-5057-1651-4:CNY15.00 |
| ● |
| 相关链接 |
|
|
|
|
正题名:杰出的头脑
索取号:B848.5/342
 
预约/预借
| 序号 | 登录号 | 条形码 | 馆藏地/架位号 | 状态 | 备注 |
| 1 | 0308773 | 203087738 | 第一借阅区/ [索取号:B848.5/342] | 在馆 | |
| 2 | 0308774 | 203087747 | 第一借阅区/ [索取号:B848.5/342] | 在馆 | |
| 3 | 0308775 | 203087756 | 第一样本阅览室/ [索取号:B848.5/342] | 在馆 |